Party wall legislation and procedure (Record no. 121100)

MARC details
000 -LEADER
fixed length control field 01624nam a22002417a 4500
001 - CONTROL NUMBER
control field K121100
008 - FIXED-LENGTH DATA ELEMENTS--GENERAL INFORMATION
fixed length control field 190821b2019 ||||| |||| 00| 0 eng d
020 ## - INTERNATIONAL STANDARD BOOK NUMBER
ISBN 9781783213672
041 ## - LANGUAGE CODE
Language code of text/sound track or separate title eng
110 ## - MAIN ENTRY--CORPORATE NAME
Corporate author Royal Institution of Chartered Surveyors
245 ## - TITLE STATEMENT
Title Party wall legislation and procedure
Subtitle RICS guidance note
250 ## - EDITION
Edition statement 7th
260 ## - PUBLICATION INFORMATION
Place of publication London
Publisher RICS
Date 2019
490 ## - SERIES TITLE
Series statement RICS Professional Standards and Guidance, England and Wales
520 ## - ABSTRACT
Abstract It describes the nature and purpose of the Party Wall etc. Act 1996 (the Act) and provides guidance about the role of the surveyor within the terms of the Act. The appendices of this guidance note contain various draft letters and draft notices and a revised and updated suggested draft award. Contains an in-depth and important section on professional conduct. While a party wall surveyor is minimally required to act only in accordance with their statutory obligations, an RICS member is expected to meet RICS expectations of professional and ethical behaviour commensurate with their membership, alongside their duty to conform to the Act. <br/>
520 ## - ABSTRACT
Abstract Supersedes 6th ed ISBN 9781842197004. Effective from 1 December 2019
520 ## - ABSTRACT
Abstract This guidance note was amended January 2022 to update references to the RICS Rules of Conduct
650 ## - KEYWORDS
Keywords PARTY WALL ETC ACT 1996
651 ## - SUBJECT ADDED ENTRY--GEOGRAPHIC NAME
Geographic name England and Wales
690 ## - BROAD SUBJECT
9 (RLIN) 6258
Broad subject Party walls
856 ## - ONLINE RESOURCE
Uniform Resource Identifier <a href="https://www.rics.org/profession-standards/rics-standards-and-guidance/sector-standards/building-surveying-standards/party-wall-legislation-and-procedure">https://www.rics.org/profession-standards/rics-standards-and-guidance/sector-standards/building-surveying-standards/party-wall-legislation-and-procedure</a>
Public note As amended in Jan 2022
942 ## - ADDED ENTRY ELEMENTS (KOHA)
Suppress in OPAC Do not suppress in OPAC
Holdings
Lost status Source of classification or shelving scheme Damaged status Not for loan Home library Current library Shelving location Date acquired Total Checkouts Date last seen Price effective from Koha item type Full call number
  Dewey Decimal Classification     Archives Archives RICS Boxes 03/10/2019   03/10/2019 03/10/2019 Book RICS 2019/11
        London London RICS Boxes 03/10/2019   03/10/2019 03/10/2019 Book RICS 2019/11
  Dewey Decimal Classification     Virtual Virtual Online 21/08/2019   22/03/2023 21/08/2019 Book